kku e-library facility

Computer Science Fundamentals (Record no. 145)

MARC details
000 -LEADER
fixed length control field 00399nam a22001337a 4500
005 - DATE AND TIME OF LATEST TRANSACTION
control field 20260206101052.0
008 - FIXED-LENGTH DATA ELEMENTS--GENERAL INFORMATION
fixed length control field 260206b |||||||| |||| 00| 0 eng d
020 ## - INTERNATIONAL STANDARD BOOK NUMBER
International Standard Book Number 067508301X
100 ## - MAIN ENTRY--PERSONAL NAME
Personal name Unger E.A & Ahmed Nasir
245 ## - TITLE STATEMENT
Title Computer Science Fundamentals
Statement of responsibility, etc. /Nasir Ahmed
260 ## - PUBLICATION, DISTRIBUTION, ETC.
Place of publication, distribution, etc. United States of America;
Name of publisher, distributor, etc. Bell & Howell Company;
Date of publication, distribution, etc. 1979.
300 ## - PHYSICAL DESCRIPTION
Extent xii, 387p. ill;
Dimensions 26cm.
942 ## - ADDED ENTRY ELEMENTS (KOHA)
Source of classification or shelving scheme Dewey Decimal Classification
Koha item type Books
Suppress in OPAC No

No items available.

©2025 All rights reserved. KKU